| 000 | 00464nam a2200169 a 4500 | ||
|---|---|---|---|
| 001 | 3753 | ||
| 003 | CDMR | ||
| 005 | 20130320113129.0 | ||
| 008 | 130130s1997||||||||||||||||||||||||||||d | ||
| 020 | _a8489727341 | ||
| 040 |
_aCDMR _bcat _cCPC LLEIDA |
||
| 245 | 0 | 0 |
_aVivienda y promoción inmobiliaria en España _cJoan Vilagrasa [ed.] |
| 260 |
_aLleida _c1997 _bUniversitat de Lleida |
||
| 490 | 0 |
_aEspai/Temps _v31 |
|
| 700 | 1 |
_9306 _aVilagrasa, Joan |
|
| 942 |
_cMON _2udc |
||
| 999 |
_c3753 _d3753 |
||